| 000 | 00856cam a22002654a 4500 | ||
|---|---|---|---|
| 003 | UPN | ||
| 005 | 20240621063645.0 | ||
| 008 | 090203s2006 ag a r 000 f spa d | ||
| 020 | _a9871306032 (10 digítos) | ||
| 020 | _a9789871306039 (13 digítos) | ||
| 035 | _aUPN01000168714 | ||
| 040 |
_aUPN _bspa _cUPN |
||
| 049 | _aCG | ||
| 050 | 4 |
_aPQ2469 E8 _bA4.6 |
|
| 100 | 1 |
_aVerne, Jules, _d1828-1905 _927907 |
|
| 245 | 1 | 4 |
_aLos amotinados del Bounty ; _bUn drama en México / _cJulio Verne ; ilustración de tapa Emiliano Pereyra ; ilustraciones interiores Eduardo Osorio. |
| 250 | _aPrimera edición | ||
| 260 |
_aBuenos Aires : _bAndrés Bello, _c2006. |
||
| 300 |
_a99 páginas : _bilustraciones |
||
| 650 | 4 |
_aNovela francesa _98238 |
|
| 650 | 0 |
_aBarcos _vNovela _93047 |
|
| 740 | 3 | _aUn drama en México | |
| 905 | _aLibro | ||
| 942 |
_2lcc _cLIBRO |
||
| 999 |
_c140820 _d140820 |
||